| 000 | 00440nam a2200181 a 4500 | ||
|---|---|---|---|
| 001 | BRCA_6023 | ||
| 005 | 20190321142929.0 | ||
| 008 | 180411s2008----ag-a######---#000-0#spa-# | ||
| 020 | _a9789879395509 | ||
| 041 | _aspa | ||
| 044 | _aag | ||
| 050 | 4 | _b.M37 2008 | |
| 245 | 1 | 0 |
_aMartín Chambi _bpoeta de la luz. |
| 260 |
_aBuenos Aires _bLariviére _c2008 |
||
| 300 |
_a59 p. _bil. _c23 cm. |
||
| 500 | _aAño 11, núm. 29 | ||
| 942 |
_2lcc _cB |
||
| 999 |
_c5711 _d5711 |
||